[Event "Zlin Region-chT 2223"]
[Site "Czech Republic"]
[Date "2023.04.02"]
[Round "11.8"]
[White "Stencel, Karel"]
[Black "Hobza, Radek"]
[Result "1-0"]
[WhiteElo "1732"]
[BlackElo "1324"]
[PlyCount "83"]
[EventDate "2022.10.09"]
[EventType "team-tourn"]
[EventRounds "11"]
[EventCountry "CZE"]
[SourceTitle "EXT 2024"]
[Source "ChessBase"]
[SourceDate "2023.10.10"]
[SourceVersion "1"]
[SourceVersionDate "2023.10.10"]
[SourceQuality "1"]
[WhiteTeam "Kromeriz Slavia III"]
[BlackTeam "Zlin Malenovice"]
[WhiteTeamCountry "CZE"]
[BlackTeamCountry "CZE"]

1. e4 e6 2. Nf3 c5 3. Bc4 d5 4. exd5 exd5 5. Bb5+ Bd7 6. Qe2+ Be7 7. 0-0 Nf6 8. Re1 a6 9. Bxd7+ Qxd7 10. d4 Nc6 11. dxc5 0-0 12. Bg5 Rfe8 13. Qd3 Rad8 14. Nbd2 Qc7 15. c3 Ne4 16. Bxe7 Rxe7 17. Nb3 Qf4 18. Qc2 Re6 19. Re3 Rg6 20. g3 h5 21. Kh1 Qf5 22. Qe2 Rf6 23. Rf1 Qh3 24. Rg1 Ne5 25. Rg2 Ng4 26. Rxe4 dxe4 27. Ng1 Qxg2+ 28. Kxg2 Rxf2+ 29. Qxf2 Nxf2 30. Kxf2 f5 31. Nd4 g6 32. Nge2 Kf7 33. Ke3 Kf6 34. b4 g5 35. a4 Rc8 36. Nb3 Ke5 37. Na5 Rc7 38. Nc4+ Kf6 39. Nd4 b5 40. axb5 axb5 41. Nxb5 Rd7 42. Ncd6 1-0